Zoznam audítorov. Fyzické a právnické osoby k 30.6.1993.

Zoznam audítorov, ktorí znovu získali dekrét, resp. licenciu na výkon auditorskej činnosti (par. 7 zákona č. 73/1992 o audítoroch a Slovenskej komore audítorov).

Saved in:
Bibliographic Details
Format: Book Chapter
Language:Slovak
Subjects:
Tags: Add Tag
No Tags, Be the first to tag this record!

MARC

LEADER 00000naa a2200000 4500
001 r013798
005 20221213123626.9
041 0 |a slo 
044 |a SK 
245 1 0 |a Zoznam audítorov.  |b Fyzické a právnické osoby k 30.6.1993. 
520 |a Zoznam audítorov, ktorí znovu získali dekrét, resp. licenciu na výkon auditorskej činnosti (par. 7 zákona č. 73/1992 o audítoroch a Slovenskej komore audítorov). 
610 2 0 |a audítori 
610 2 0 |a Slovensko 
610 2 0 |a 1993